[Event "IECC CL0-2014.00 email"]
[Site "IECC email"]
[Date "2014.03.02"]
[Round "?"]
[White "Meyer, Frank Ulrich"]
[Black "Grimm, Wolfgang"]
[Result "0-1"]
[WhiteElo "1096"]
[BlackElo "1317"]
[PlyCount "34"]
[EventDate "2014.02.03"]
[EventType "tourn (corr)"]
[EventRounds "4"]
[SourceTitle "Corr 2022"]
[Source "ChessBase"]
[SourceDate "2021.10.24"]
[SourceVersion "1"]
[SourceVersionDate "2021.10.24"]
[SourceQuality "1"]

1. d4 d5 2. c4 dxc4 3. Qa4+ Bd7 4. Qxc4 b5 5. Qc2 e6 6. Bf4 Na6 7. e3 Nb4 8. Qc1 Nd5 9. Bg3 Ngf6 10. h3 c5 11. dxc5 Rc8 12. Nf3 Bxc5 13. Nc3 Be7 14. Qd2 Nxc3 15. bxc3 Ne4 16. Qb2 Qa5 17. Rc1 Ba3 0-1

[Event "IECC CL0-2014.00 email"]
[Site "IECC email"]
[Date "2014.03.02"]
[Round "?"]
[White "Meyer, Frank Ulrich"]
[Black "Trevis, Robert R"]
[Result "0-1"]
[WhiteElo "1096"]
[BlackElo "1199"]
[PlyCount "46"]
[EventDate "2014.02.03"]
[EventType "tourn (corr)"]
[EventRounds "4"]
[SourceTitle "Corr 2022"]
[Source "ChessBase"]
[SourceDate "2021.10.24"]
[SourceVersion "1"]
[SourceVersionDate "2021.10.24"]
[SourceQuality "1"]

1. d4 Nf6 2. c4 e6 3. Nf3 b6 4. Nc3 Bb7 5. Bg5 Be7 6. e3 Ne4 7. Bxe7 Qxe7 8. Nxe4 Bxe4 9. Bd3 Bxd3 10. Qxd3 Qb4+ 11. Qc3 Qxc3+ 12. bxc3 Nc6 13. 0-0 0-0 14. Rab1 d5 15. cxd5 exd5 16. Rfc1 Rae8 17. c4 Ne7 18. cxd5 Nxd5 19. Rc6 Re6 20. Rbc1 Rxc6 21. Rxc6 Re8 22. Kf1 a5 23. a3 Kf8 0-1

[Event "IECC CL0-2014.00 email"]
[Site "IECC email"]
[Date "2014.03.02"]
[Round "?"]
[White "Wood, Brian"]
[Black "Meyer, Frank Ulrich"]
[Result "1-0"]
[WhiteElo "613"]
[BlackElo "1096"]
[PlyCount "43"]
[EventDate "2014.02.03"]
[EventType "tourn (corr)"]
[EventRounds "4"]
[SourceTitle "Corr 2022"]
[Source "ChessBase"]
[SourceDate "2021.10.24"]
[SourceVersion "1"]
[SourceVersionDate "2021.10.24"]
[SourceQuality "1"]

1. e4 d6 2. d4 Nf6 3. Nc3 g6 4. f4 Bg7 5. Nf3 Bg4 6. Be2 0-0 7. 0-0 c5 8. dxc5 dxc5 9. Qxd8 Rxd8 10. e5 Ne8 11. Be3 b6 12. Rad1 Nc6 13. Rxd8 Rxd8 14. Rd1 Rxd1+ 15. Bxd1 Nc7 16. h3 Bf5 17. g4 Bc8 18. Kf2 Nb4 19. a3 Nbd5 20. Nxd5 Nxd5 21. c4 Nxe3 22. Kxe3 1-0

[Event "SN-2014-0-00577"]
[Site "LSS email"]
[Date "2014.02.20"]
[Round "?"]
[White "Raines, David T"]
[Black "Meyer, Frank Ulrich"]
[Result "1-0"]
[WhiteElo "1102"]
[BlackElo "1096"]
[PlyCount "77"]
[EventDate "2014.02.05"]
[EventType "tourn (corr)"]
[EventRounds "6"]
[EventCountry "GER"]
[SourceTitle "Corr 2022"]
[Source "ChessBase"]
[SourceDate "2021.10.24"]
[SourceVersion "1"]
[SourceVersionDate "2021.10.24"]
[SourceQuality "1"]

1. d4 d5 2. c4 c6 3. Nf3 Nf6 4. Qc2 g6 5. e3 Bg7 6. Nc3 0-0 7. Bd3 Bg4 8. Ne5 Bd7 9. 0-0 Ne8 10. f4 Na6 11. cxd5 Nb4 12. Qe2 Nxd3 13. Nxd3 cxd5 14. Ne5 e6 15. Bd2 Rc8 16. Rac1 Nd6 17. h3 a6 18. Rfd1 b5 19. a3 Nc4 20. Be1 f6 21. Nxc4 bxc4 22. Bh4 Rb8 23. Bf2 Qe7 24. e4 dxe4 25. Nxe4 f5 26. Nc5 Bb5 27. Qxe6+ Qxe6 28. Nxe6 Rfe8 29. Nxg7 Kxg7 30. Re1 Kf7 31. Re5 Rbd8 32. Rce1 Rxe5 33. fxe5 Ke6 34. Rd1 Rd5 35. g3 Bc6 36. Rc1 Rb5 37. Rxc4 Bd5 38. Ra4 Rxb2 39. Rxa6+ 1-0

[Event "WC-2014-P-00002"]
[Site "LSS email"]
[Date "2014.02.03"]
[Round "?"]
[White "Bellanger, Michel"]
[Black "Meyer, Frank Ulrich"]
[Result "1-0"]
[WhiteElo "2048"]
[BlackElo "1114"]
[PlyCount "25"]
[EventDate "2014.02.10"]
[EventType "tourn (corr)"]
[EventRounds "12"]
[EventCountry "GER"]
[SourceTitle "Corr 2022"]
[Source "ChessBase"]
[SourceDate "2021.10.24"]
[SourceVersion "1"]
[SourceVersionDate "2021.10.24"]
[SourceQuality "1"]

1. e4 e5 2. Nf3 d6 3. d4 exd4 4. Nxd4 Nf6 5. Nc3 Be7 6. Be2 0-0 7. Bf4 Nc6 8. 0-0 Re8 9. Re1 Nxd4 10. Qxd4 c6 11. Rad1 Bg4 12. Bxg4 Nxg4 13. Bxd6 1-0

[Event "ZN-2014-0-02552"]
[Site "LSS email"]
[Date "2014.01.11"]
[Round "?"]
[White "Linart, Jakub"]
[Black "Meyer, Frank Ulrich"]
[Result "0-1"]
[WhiteElo "490"]
[BlackElo "1089"]
[PlyCount "106"]
[EventDate "2014.01.08"]
[EventType "match (corr)"]
[EventRounds "2"]
[EventCountry "GER"]
[SourceTitle "Corr 2022"]
[Source "ChessBase"]
[SourceDate "2021.10.24"]
[SourceVersion "1"]
[SourceVersionDate "2021.10.24"]
[SourceQuality "1"]

1. e4 d6 2. d4 Nf6 3. Bd3 g6 4. Be3 Bg7 5. f3 c5 6. Ne2 cxd4 7. Bxd4 0-0 8. 0-0 Nc6 9. Bc3 a6 10. Na3 b5 11. b4 Bb7 12. Ng3 Rc8 13. Rb1 e6 14. Bb2 d5 15. Qd2 dxe4 16. fxe4 Nd7 17. c4 Bxb2 18. Qxb2 bxc4 19. Bxc4 Nce5 20. Be2 Qg5 21. Qb3 Rc7 22. Nc4 Nxc4 23. Bxc4 Rfc8 24. Be2 Rc3 25. Qd1 Nf6 26. Bd3 Qe3+ 27. Kh1 Rxd3 28. Qa4 Ra3 29. Qd1 Rxa2 30. Rxf6 Rd2 31. Qe1 Qxe1+ 32. Rxe1 Rcc2 33. Rg1 Kg7 34. Rff1 f5 35. Re1 fxe4 36. Nxe4 Bxe4 37. Rxe4 Kf6 38. h3 Kf5 39. Rg4 e5 40. Rf1+ Ke6 41. Kh2 Kd5 42. Kg3 Rxg2+ 43. Kh4 Rxg4+ 44. hxg4 e4 45. Rd1+ Ke5 46. Kg5 e3 47. Re1 Ke4 48. Kh4 e2 49. Kg3 Ke3 50. g5 Kd2 51. Rh1 e1Q+ 52. Rxe1 Kxe1 53. Kf4 Rc4+ 0-1

[Event "SN-2013-0-00561"]
[Site "LSS email"]
[Date "2013.12.20"]
[Round "?"]
[White "Jokmin, Guido"]
[Black "Meyer, Frank Ulrich"]
[Result "1-0"]
[WhiteElo "652"]
[BlackElo "1009"]
[PlyCount "27"]
[EventDate "2013.12.11"]
[EventType "tourn (corr)"]
[EventRounds "6"]
[EventCountry "GER"]
[SourceTitle "Corr 2022"]
[Source "ChessBase"]
[SourceDate "2021.10.24"]
[SourceVersion "1"]
[SourceVersionDate "2021.10.24"]
[SourceQuality "1"]

1. e4 e5 2. Nf3 Nf6 3. d4 exd4 4. e5 Ng8 5. Nxd4 Bc5 6. b4 Bxd4 7. Qxd4 Nc6 8. Qf4 Nge7 9. Bc4 0-0 10. Qe4 Ng6 11. 0-0 Ncxe5 12. Bb3 Re8 13. Bg5 Nf3+ 14. Qxf3 1-0

[Event "RF-2013-0-00172"]
[Site "LSS email"]
[Date "2013.12.18"]
[Round "?"]
[White "Meyer, Frank Ulrich"]
[Black "Ferrer, Joaquin"]
[Result "0-1"]
[WhiteElo "1093"]
[BlackElo "1015"]
[PlyCount "50"]
[EventDate "2013.10.10"]
[EventType "tourn (corr)"]
[EventRounds "6"]
[EventCountry "GER"]
[SourceTitle "Corr 2022"]
[Source "ChessBase"]
[SourceDate "2021.10.24"]
[SourceVersion "1"]
[SourceVersionDate "2021.10.24"]
[SourceQuality "1"]

1. d4 Nf6 2. c4 g6 3. Nf3 Bg7 4. Bd2 d6 5. e3 0-0 6. Be2 Re8 7. 0-0 e5 8. dxe5 dxe5 9. Bc3 Nfd7 10. Qc2 Nc6 11. Rd1 Qe7 12. a3 a5 13. Nbd2 Nc5 14. b4 Bf5 15. Qc1 Bd3 16. Bxd3 Nxd3 17. Qc2 axb4 18. axb4 Rxa1 19. Bxa1 Ndxb4 20. Qb3 Rd8 21. Ne4 Rxd1+ 22. Qxd1 f5 23. Ned2 e4 24. Bxg7 Qxg7 25. Nb3 exf3 0-1

[Event "RF-2013-0-00172"]
[Site "LSS email"]
[Date "2013.12.18"]
[Round "?"]
[White "Verich, Oleg"]
[Black "Meyer, Frank Ulrich"]
[Result "1-0"]
[WhiteElo "1172"]
[BlackElo "1093"]
[PlyCount "73"]
[EventDate "2013.10.10"]
[EventType "tourn (corr)"]
[EventRounds "6"]
[EventCountry "GER"]
[SourceTitle "Corr 2022"]
[Source "ChessBase"]
[SourceDate "2021.10.24"]
[SourceVersion "1"]
[SourceVersionDate "2021.10.24"]
[SourceQuality "1"]

1. Nf3 g6 2. g3 Bg7 3. Bg2 Nc6 4. 0-0 e6 5. d4 Nge7 6. c3 0-0 7. e4 d5 8. e5 f6 9. exf6 Rxf6 10. Bg5 Rf7 11. Re1 h6 12. Bd2 b6 13. Qc1 Kh7 14. Nh4 Qf8 15. f4 Nf5 16. Nxf5 Rxf5 17. Be3 Na5 18. Nd2 c5 19. Nf3 Nc4 20. Bf2 b5 21. b3 Nd6 22. dxc5 Ne4 23. Bd4 Bd7 24. b4 a5 25. Nh4 Bxd4+ 26. cxd4 Rf7 27. Bxe4 dxe4 28. Rxe4 axb4 29. c6 Bc8 30. Qb1 Ra6 31. Nxg6 Qd6 32. Ne5 Rf5 33. g4 Rxe5 34. Rxe5+ Kg7 35. Qb2 Rxc6 36. Rxb5 Ba6 37. d5+ 1-0

[Event "RF-2013-0-00172"]
[Site "LSS email"]
[Date "2013.12.11"]
[Round "?"]
[White "Bester, Kazimierz"]
[Black "Meyer, Frank Ulrich"]
[Result "0-1"]
[WhiteElo "858"]
[BlackElo "1093"]
[PlyCount "68"]
[EventDate "2013.10.10"]
[EventType "tourn (corr)"]
[EventRounds "6"]
[EventCountry "GER"]
[SourceTitle "Corr 2022"]
[Source "ChessBase"]
[SourceDate "2021.10.24"]
[SourceVersion "1"]
[SourceVersionDate "2021.10.24"]
[SourceQuality "1"]

1. f4 b6 2. Nf3 Bb7 3. e3 d6 4. Be2 Nd7 5. 0-0 e5 6. c3 exf4 7. exf4 Ngf6 8. d4 Be7 9. Nbd2 0-0 10. Ng5 c5 11. dxc5 dxc5 12. Ndf3 Re8 13. Bc4 Rf8 14. Qb3 h6 15. Nh3 Ne4 16. Rd1 Qc7 17. Bd5 Bxd5 18. Qxd5 Ndf6 19. Qc4 Rad8 20. Rxd8 Rxd8 21. Be3 b5 22. Qxb5 Nd5 23. Bc1 Ndxc3 24. Qf1 Rd1 25. bxc3 Rxf1+ 26. Kxf1 Nxc3 27. Bb2 Na4 28. Be5 Qb6 29. Re1 c4 30. Nd2 c3 31. Nb3 Ba3 32. Bd4 Qb5+ 33. Kg1 c2 34. Re8+ Qxe8 0-1

[Event "SN-2013-0-00553"]
[Site "LSS email"]
[Date "2013.11.21"]
[Round "?"]
[White "Meyer, Frank Ulrich"]
[Black "Vontina, Maria"]
[Result "1-0"]
[WhiteElo "1057"]
[BlackElo "771"]
[PlyCount "61"]
[EventDate "2013.11.04"]
[EventType "tourn (corr)"]
[EventRounds "6"]
[EventCountry "GER"]
[SourceTitle "Corr 2022"]
[Source "ChessBase"]
[SourceDate "2021.10.24"]
[SourceVersion "1"]
[SourceVersionDate "2021.10.24"]
[SourceQuality "1"]

1. d4 Nf6 2. c4 g6 3. Nf3 d6 4. Bg5 Bg7 5. e3 0-0 6. Be2 Nc6 7. 0-0 a6 8. a3 Bg4 9. b4 Ne4 10. Bh4 Qe8 11. c5 dxc5 12. bxc5 e5 13. Nbd2 Nc3 14. Qe1 Nxe2+ 15. Qxe2 exd4 16. Rab1 dxe3 17. fxe3 Nd4 18. Qd3 Nxf3+ 19. gxf3 Qc6 20. fxg4 Rab8 21. Qc4 Qd7 22. Nf3 Qe8 23. Rbe1 Qc6 24. Ng5 Qe8 25. Rf3 Qd7 26. h3 h6 27. Ne4 Rbe8 28. Nf6+ Bxf6 29. Bxf6 Qe6 30. Qxe6 Rxe6 31. Bd4 1-0

[Event "RN-2013-0-00726"]
[Site "LSS email"]
[Date "2013.11.14"]
[Round "?"]
[White "Meyer, Frank Ulrich"]
[Black "Venturas, Bob"]
[Result "1-0"]
[WhiteElo "1046"]
[BlackElo "750"]
[PlyCount "23"]
[EventDate "2013.11.05"]
[EventType "tourn (corr)"]
[EventRounds "6"]
[EventCountry "GER"]
[SourceTitle "Corr 2022"]
[Source "ChessBase"]
[SourceDate "2021.10.24"]
[SourceVersion "1"]
[SourceVersionDate "2021.10.24"]
[SourceQuality "1"]

1. d4 d5 2. c4 dxc4 3. Nf3 Bd7 4. e4 Bb5 5. Nc3 Ba6 6. Qa4+ b5 7. Nxb5 Qd7 8. Nxc7+ Kd8 9. Qxd7+ Kxd7 10. Nxa8 Bb7 11. Ne5+ Ke6 12. Nc7+ 1-0

[Event "RN-2013-0-00725"]
[Site "LSS email"]
[Date "2013.11.12"]
[Round "?"]
[White "Lombardi, Donato"]
[Black "Meyer, Frank Ulrich"]
[Result "1-0"]
[WhiteElo "966"]
[BlackElo "1057"]
[PlyCount "25"]
[EventDate "2013.11.04"]
[EventType "tourn (corr)"]
[EventRounds "6"]
[EventCountry "GER"]
[SourceTitle "Corr 2022"]
[Source "ChessBase"]
[SourceDate "2021.10.24"]
[SourceVersion "1"]
[SourceVersionDate "2021.10.24"]
[SourceQuality "1"]

1. e4 e5 2. Nf3 d6 3. d4 Bg4 4. dxe5 Bxf3 5. Qxf3 dxe5 6. Bc4 Qf6 7. Qb3 b6 8. Bg5 Qxg5 9. Bxf7+ Kd8 10. Qd5+ Bd6 11. Bxg8 Qc1+ 12. Ke2 Qxc2+ 13. Nd2 1-0

[Event "LSS No Engine Cup 96 Preliminary 0"]
[Site "LSS email"]
[Date "2013.10.15"]
[Round "?"]
[White "Meyer, Frank Ulrich"]
[Black "Slavin, Pablo"]
[Result "0-1"]
[WhiteElo "1352"]
[BlackElo "1409"]
[PlyCount "42"]
[EventDate "2013.10.16"]
[EventType "tourn (corr)"]
[EventRounds "6"]
[EventCountry "GER"]
[SourceTitle "Corr 2022"]
[Source "ChessBase"]
[SourceDate "2021.10.24"]
[SourceVersion "1"]
[SourceVersionDate "2021.10.24"]
[SourceQuality "1"]

1. d4 Nf6 2. c4 c5 3. e3 e6 4. Nf3 d5 5. cxd5 Nxd5 6. Nc3 Nxc3 7. bxc3 Be7 8. Be2 cxd4 9. cxd4 0-0 10. 0-0 Nc6 11. Bb5 Qb6 12. Be2 Bf6 13. Bd2 a6 14. Qc2 Bd7 15. Rfb1 Qc7 16. Ne1 Rac8 17. Bf3 Qd6 18. Rb6 Bd8 19. Rb2 Nxd4 20. Qd3 Nxf3+ 21. gxf3 Qxd3 0-1